Geography by letter G - Statistics

General Stats
  • This quiz has been taken 75 times
  • The average score is 11 of 20
Answer Stats
Hint Answer % Correct
Caucasus Nation Georgia
97%
1 of 2 left side driving nations in South America Guyana
90%
British Territory known for its rock Gibraltar
87%
Varanasi and Kolkatta are on this Asian River Ganges River
84%
Swiss town where 4 treaties and 3 protocols were established Geneva
84%
Kalaallit Nunaat or Grønland Greenland
83%
Conakry is this nation's capital Guinea
79%
This city is Danzig in German Gdańsk
76%
Capital of the above. Georgetown
76%
Birthplace of Columbus Genoa
68%
This CAN'T be seen from space Great Wall of China
68%
A cowboy of the South American pampas Gaucho
63%
Vast gorge in the American Southwest Grand Canyon
63%
Largest salt lake in the western hemisphere Great Salt Lake
40%
Deepest lake in North America Great Slave Lake
25%
Paraguayan Currency Guarani
16%
Purchase of land by the US by the 1853 ambassador to Mexico Gadsden purchase
13%
The first US city to fluoridate its water Grand Rapids
8%
Brooklyn, Seattle and Klaipeda are sister cities of this polish town Gdynia
5%
A village in Pest county, Hungary. Think about Super Mario if that helps Gomba
2%
No matching quizzes found
Score Distribution
Percent of People with Each Score
Percentile by Number Answered
Your Score History
You have not taken this quiz